Fr. Conceicao Rodrigues College of Engineering

Roll design & mill layout (Record no. 31945)

MARC details
000 -LEADER
fixed length control field 00302nam a2200133Ia 4500
082 ## - DEWEY DECIMAL CLASSIFICATION NUMBER
Classification number 621.8
100 ## - MAIN ENTRY--PERSONAL NAME
Personal name Beynon/ R.E.
245 ## - TITLE STATEMENT
Title Roll design & mill layout
260 ## - PUBLICATION, DISTRIBUTION, ETC.
Name of publisher, distributor, etc. Association of iron & steel
Place of publication, distribution, etc. Pittsburgh
Date of publication, distribution, etc. 1981
300 ## - PHYSICAL DESCRIPTION
Extent 178
546 ## - LANGUAGE NOTE
Language note ENGLISH
654 ## - SUBJECT ADDED ENTRY--FACETED TOPICAL TERMS
Focus term Roll design
942 ## - ADDED ENTRY ELEMENTS (KOHA)
Koha item type Reference Book
Holdings
Withdrawn status Lost status Damaged status Not for loan Collection Home library Current library Date acquired Source of acquisition Cost, normal purchase price Inventory number Total Checkouts Full call number Barcode Date last seen Cost, replacement price Price effective from Koha item type
        AFT Fr. Agnel's C.Rodrigues College of Engineering Fr. Agnel's C.Rodrigues College of Engineering 17/03/2023 UBS 240.00 T-768   621.8 AFT3121 17/03/2023 240.00 17/03/2023 Reference Book